Statistics for Currencies of Asia on a Map

Click here to take the quiz!

General Stats

  • This quiz has been taken 44 times
  • The average score is 36 of 48

Answers on the Map

Answers color-coded by a green-red scale on the quiz's map according to % correct below.
 

Answer Stats

Country% Correct
Indian rupee
96%
Nepali rupee, Indian rupee
96%
Ngultrum, Indian rupee
96%
Pakistani rupee
96%
Rufiyaa
96%
Rupiah
96%
Sri Lankan rupee
96%
Yen
96%
Yuan
96%
Brunei dollar, Singapore dollar
92%
Lira
92%
New Taiwan dollar
92%
Riel, US dollar
92%
Singapore dollar, Brunei dollar
92%
US dollar
92%
Bahraini dinar
88%
Baht
88%
Iranian rial
88%
North Korean won
88%
Omani rial
88%
Philippine peso
88%
Qatari riyal
88%
Saudi Arabian riyal
88%
South Korean won
88%
Yemeni rial
88%
Iraqi dinar
84%
Jordanian dinar
84%
Kuwaiti dinar
84%
Shekel
84%
Afghani
80%
Ðồng
76%
Lebanese pound
72%
Syrian pound
72%
Euro
68%
Emirati dirham
60%
Ringgit
56%
Kyrgyz som
52%
Uzbek sum
52%
Azerbaijani manat
48%
Turkmen manat
48%
Tögrög
40%
Kip
36%
Somoni
36%
Taka
36%
Tenge
36%
Dram
32%
Lari
32%
Kyat
28%

Score Distribution

Percentile by Number Answered

Percent of People with Each Score

Your Score History

You have not taken this quiz